| 000 | 01794nam0a2200409 i 4500 | ||
|---|---|---|---|
| 001 | RU\NLR\BIBL_A\011323256 | ||
| 005 | 20260406113658.0 | ||
| 010 |
_a978-5-295-06374-9 _93000 |
||
| 021 |
_aRU _b2017-1041 _980 |
||
| 035 | _a(NLR Aleph) 011323256 | ||
| 090 |
_a11091583 _c11091583 |
||
| 100 | _a20170209d2016 bc y0rusy50 ca | ||
| 101 | 1 |
_arus _abak _aeng _crus |
|
| 102 | _aRU | ||
| 105 | _aa z 000ay | ||
| 200 | 1 |
_aАленький цветочек _dАл сәскә _dThe scarlet flower _e[сказка на русском, башкирском и английском языках] _fСергей Аксаков _g[пер.: на башк. яз. - Гульнур Якупова, на англ. яз. - Рушан Каримов _gил. Алсу Хамматовой] _zbak _zeng |
|
| 210 |
_aУфа _cКитап _d2016 |
||
| 215 |
_a143, [1] с. _cцв. ил. _d25 |
||
| 300 | _aАвт. также на англ. яз.: Sergei Aksakov | ||
| 300 | _aТекст на рус., башк. и англ. яз. | ||
| 510 | 1 |
_aАл сәскә _zbak |
|
| 510 | 1 |
_6z11790 _aThe scarlet flower _zeng |
|
| 686 | 0 | _aШ9(2)60=Р5-4 | |
| 686 | 0 | _aШ9(2)68 | |
| 700 | 1 |
_8rus _7ca _aАксаков _bС. Т. _f1791-1859 _gСергей Тимофеевич _3RU\NLR\AUTH\77127 _9110214 |
|
| 702 | 1 |
_aХамматова _bА. А. _gАлсу А _4040 |
|
| 702 | 1 |
_aЯкупова _bГ. М. _f1948- _gГульнур Мидхатовна _4730 |
|
| 790 | 1 |
_8rus _7ba _aAksakov _bS. T. _f1791-1859 _gSergej Timofeevič _3RU\NLR\AUTH\7716102 _9125745 |
|
| 852 |
_aNLR _bОНЛ _jБашк./4-584 |
||
| 942 | _cBOOK | ||
| 980 | _aNBR | ||